| 000 | 00000nam##2200000za#4500 |
| 001 | 9.695658 |
| 003 | CaOODSP |
| 005 | 20210624234657 |
| 007 | cr ||||||||||| |
| 008 | 150407|2002||||xxc|||||o f|0| 0 eng|d |
| 040 | |aCaOODSP|beng |
| 043 | |an-cn--- |
| 086 | 1 |aFs23-411/2002E-PDF |
| 110 | 1 |aCanada. |bDepartment of Fisheries and Oceans. |
| 245 | 10|aDFO's aquaculture policy framework |h[electronic resource] |
| 246 | 3 |aDepartment of Fisheries and Oceans' aquaculture policy framework |
| 260 | |aOttawa - Ontario : |bFisheries and Oceans Canada |cc2002. |
| 300 | |a36p.|bcoloured illus., photographs |
| 500 | |aThe catalogue number (Fs23-411/2002) and ISBN (0-662-66346-2) for the bilingual print edition have been incorrectly copied in this PDF version. |
| 590 | |a12-03-Supp|b2012-02-14 |
| 690 | 07|aAquaculture|2gcpds |
| 690 | 07|aFederal departments|2gcpds |
| 690 | 07|aFisheries policy|2gcpds |
| 775 | 08|tPolitique du MPO en matière d'aquaculture |w(CaOODSP)9.639791 |
| 776 | 0#|tDFO's aquaculture policy framework |w(CaOODSP)9.663505 |
| 776 | 0#|tPolitique du MPO en matière d'aquaculture |w(CaOODSP)9.663506 |
| 856 | 40|ahttp://publications.gc.ca|qPDF|s2754 KB|uhttps://publications.gc.ca/collections/collection_2012/mpo-dfo/Fs23-411-2002-eng.pdf |
| 986 | |aDFO/6228 |